BIBLIOTECA

SENCICO

Elementos visuales del diseño en hotel boutique en Máncora / (Registro nro. 4555)

Detalles MARC
000 -LEADER
fixed length control field 01149nam a22002777a 4500
003 - CONTROL NUMBER IDENTIFIER
control field PE SENCICO BE
005 - DATE AND TIME OF LATEST TRANSACTION
control field 20251020182652.0
008 - FIXED-LENGTH DATA ELEMENTS--GENERAL INFORMATION
fixed length control field 240206b |||||||| |||| 00| 0 eng d
040 ## - CATALOGING SOURCE
Original cataloging agency PE SENCICO BE
Transcribing agency PE SENCICO BE
041 ## - LANGUAGE CODE
Language code of text/sound track or separate title spa
084 ## - OTHER CLASSIFICATION NUMBER
Classification number I
-- DIS
-- 2017
Item number A45
100 1# - MAIN ENTRY--PERSONAL NAME
9 (RLIN) 1941
Personal name Alway Rodríguez, Wínner Lucero
Relator term autor
245 1# - TITLE STATEMENT
Title Elementos visuales del diseño en hotel boutique en Máncora /
Statement of responsibility, etc. Wínner Lucero Alway Rodríguez
260 ## - PUBLICATION, DISTRIBUTION, ETC.
Place of publication, distribution, etc. Lima :
Date of publication, distribution, etc. 2017
300 ## - PHYSICAL DESCRIPTION
Extent 49 h. :
Other physical details il. col. ;
Dimensions 30 cm.
500 ## - GENERAL NOTE
General note Texto en dos volúmenes. El volumen 2 contiene planos (40 x 60 cm.)
502 ## - DISSERTATION NOTE
Dissertation note Monografía de Titulación.-- Servicio Nacional de Capacitación para la Industria de la Construcción. Escuela Superior Técnica. Carrera Profesional Técnica en Diseño de Interiores, 2017
650 10 - SUBJECT ADDED ENTRY--TOPICAL TERM
9 (RLIN) 44
Topical term or geographic name entry element Diseño de interiores
650 20 - SUBJECT ADDED ENTRY--TOPICAL TERM
9 (RLIN) 460
Topical term or geographic name entry element Comunicación visual
650 20 - SUBJECT ADDED ENTRY--TOPICAL TERM
9 (RLIN) 1806
Topical term or geographic name entry element Hoteles
650 20 - SUBJECT ADDED ENTRY--TOPICAL TERM
9 (RLIN) 882
Topical term or geographic name entry element Boutiques
650 20 - SUBJECT ADDED ENTRY--TOPICAL TERM
9 (RLIN) 615
Topical term or geographic name entry element Planos
710 1# - ADDED ENTRY--CORPORATE NAME
Corporate name or jurisdiction name as entry element Servicio Nacional de Capacitación para la Industria de la Construcción.
Subordinate unit Escuela Superior Técnica
9 (RLIN) 1065
910 ## - USER-OPTION DATA (OCLC)
-- hfp
-- hfp
942 ## - ADDED ENTRY ELEMENTS (KOHA)
Koha item type Monografía de Titulación
Source of classification or shelving scheme Dewey Decimal Classification
Existencias
Fecha de la última vez que lo usaron Número de ingreso o de inventario Pago total Signatura topográfica completa Código de barras Precio efectivo desde Tipo de documento Estado perdido Estado dañado No es para préstamo Retirado Ubicación permanente Ubicación actual Fecha de adquisición
06/02/2024 I-00388   I/DIS/2017/A45/v. 1 BibLima24020025 06/02/2024 Monografía de Titulación         Biblioteca Central Lima Biblioteca Central Lima 06/02/2024
06/02/2024 I-00389   I/DIS/2017/A45/v. 2 BibLima24020026 06/02/2024 Monografía de Titulación         Biblioteca Central Lima Biblioteca Central Lima 06/02/2024